banner-ar

MY BABY BOOK: A SPECIAL ALBUM OF PRECIOUS MEMORIES AND PHOTOGRAPHS / (Record no. 14672)

MARC details
000 -الفاتح
حقل البيانات ثابتة الطول 00492nam a2200181Ia 4500
008 - عناصر البيانات ثابتة الطول - معلومات عامة
حقل البيانات ثابتة الطول 140319s9999 xx 000 0 eng d
040 ## - مصدر الفهرسة
وكالة الفهرسة الأصلية GCL /
وكالة النسخ GCL
082 04 - رقم تصنيف ديوى العشرى
رقم التصنيف CH
رقم المادة 649.1
-- S B
100 1# - المدخل الرئيسى - إسم شخصى
الإسم الشخصى SUDELL, HELEN
245 10 - بيان العنوان
العنوان MY BABY BOOK: A SPECIAL ALBUM OF PRECIOUS MEMORIES AND PHOTOGRAPHS /
بيان المسئوليه,etc SUDELL, HELEN
700 1# - المدخل الاضافى - اسم شخصى
الإسم الشخصى AYER, BET
650 04 - المدخل الاضافى بالموضوع-مصطلح موضوعى
مصطلح موضوعي CHILD REARING
650 04 - المدخل الاضافى بالموضوع-مصطلح موضوعى
مصطلح موضوعي BABY DOLLS
650 04 - المدخل الاضافى بالموضوع-مصطلح موضوعى
مصطلح موضوعي INFANT CARRIERS
942 ## - عناصر المدخل الإضافي( كوها)
مصدر التصنيف او مخطط الترفيف Dewey Decimal Classification
Koha [default] item type كتاب
260 ## - PUBLICATION, DISTRIBUTION, ETC. (IMPRINT)
-- [S.N] :
-- LORENZ BOOKS
Holdings
حالة التراجع حالة الفقد حالة تلف ليس للاعارة المكان المؤقت الموقع الحالى تاريخ الاكتساب اجمالي اﻻعارات رقم الطلب الباركود تاريخ اخر مشاهدة تاريخ تفعيل السعر نوع وعاء كوها
        مكتبة القاهرة الكبرى مكتبة القاهرة الكبرى 03/26/2014   CH\649.1\S B 27519 03/26/2014 03/26/2014 كتاب

Powered By

EGPV